01476nam a2200349 a 4500001001200000003000800012006001900020007001500039008004100054020001800095020002700113040002100140035002100161050002600182100002600208245009800234260005200332300001100384490009000395504005100485533015200536600003100688630005000719630002800769650002700797650003400824655002900858710001700887830007900904856012600983999001701109ebr10690877CaPaEBRm u cr cn|||||||||130510s2013 gw sb 001 0dger d z9783631628980 z9783653031522 (e-book) aCaPaEBRcCaPaEBR a(OCoLC)84695390014aBS2364.3b.A33 2013eb1 aAdamczewski, Bartosz.10aHypertextuality and historicity in the Gospelsh[electronic resource] /cBartosz Adamczewski. aFrankfurt am Main :bPeter Lang Edition,c2013. a241 p.1 aEuropean studies in theology, philosophy and history of religions,x2192-1857 ;vv. 3 aIncludes bibliographical references and index. aElectronic reproduction.bPalo Alto, Calif. :cebrary,d2013.nAvailable via World Wide Web.nAccess may be limited to ebrary affiliated libraries.00aJesus ChristxHistoricity.00aBible.pN.T.xCriticism, interpretation, etc.00aBible.pN.T.xRhetoric. 0aRhetoric in the Bible. 0aIntertextuality in the Bible. 7aElectronic books.2local2 aebrary, Inc. 0aEuropean studies in theology, philosophy and history of religions ;vv. 3.40uhttp://site.ebrary.com/lib/rucke/Doc?id=10690877zAn electronic book accessible through the World Wide Web; click to view c26607d26607